Statistics for Top 10 Poorest Countries in Europe

Click here to take the quiz!

General Stats

  • This quiz has been taken 94 times
  • The average score is 9 of 10

Answer Stats

GDP per CapitaCountry% Correct
$19,029Albania
95%
$32,006Bulgaria
95%
$15,620Kosovo
93%
$16,840Moldova
90%
$13,901Ukraine
90%
$25,432Serbia
89%
$23,447Belarus
88%
$21,111North Macedonia
88%
$19,604Bosnia and Herzegovina
86%
$27,761Montenegro
78%

Score Distribution

Percentile by Number Answered

Percent of People with Each Score

Your Score History

You have not taken this quiz